Turecký dravec v Černomorí
Zrušenie projektu stavby plynovodu South Stream V. Putinom a dohoda s Tureckom na výstavbe iného. Krajina polmesiaca ako privilegovaný pratner Ruska. Kľúčový hráč v Černomorí. Tanec na tenkom ľade.
Na minha lista:
| Autor principal: | |
|---|---|
| Formato: | Capítulo de Livro |
| Idioma: | eslovaco |
| Assuntos: | |
| Tags: |
Sem tags, seja o primeiro a adicionar uma tag!
|
MARC
| LEADER | 00000naa a2200000 4500 | ||
|---|---|---|---|
| 001 | 0196379 | ||
| 005 | 20231113101905.1 | ||
| 041 | 0 | |a slo | |
| 044 | |a SK | ||
| 245 | 1 | 0 | |a Turecký dravec v Černomorí |c Adrian Peter Pressburg |
| 520 | |a Zrušenie projektu stavby plynovodu South Stream V. Putinom a dohoda s Tureckom na výstavbe iného. Krajina polmesiaca ako privilegovaný pratner Ruska. Kľúčový hráč v Černomorí. Tanec na tenkom ľade. | ||
| 610 | 2 | 0 | |a energetika |
| 610 | 2 | 0 | |a plyn zemný |
| 610 | 2 | 0 | |a plynovody |
| 610 | 2 | 0 | |a spolupráca medzinárodná |
| 610 | 2 | 0 | |a politika medzinárodná |
| 610 | 2 | 0 | |a Rusko |
| 610 | 2 | 0 | |a Turecko |
| 610 | 2 | 0 | |a USA |
| 610 | 2 | 0 | |a Európska únia |
| 100 | 1 | |a Pressburg, Adrian Peter | |